| 000 | 01063nam a22002895a 4500 | ||
|---|---|---|---|
| 005 | 20160118145147.0 | ||
| 008 | 150702t2001 ohua frbf 001 0 eng d | ||
| 020 | _a9781930598393 | ||
| 020 | _a1930598394 | ||
| 040 |
_aEG-ScBUE _beng _cEG-ScBUE _dEG-ScBUE |
||
| 082 | 0 | 4 |
_a615.78 _bFUL _222 |
| 100 | 1 |
_aFuller, Matthew A. _939076 |
|
| 245 | 1 | 0 |
_aDrug information for mental health / _cMatthew A. Fuller, Martha Sajatovic. |
| 250 | _a1st ed. | ||
| 260 |
_aHudson : _bLexi-comp,INC / American pharmaceutical association, _cc.2001. |
||
| 300 |
_a957 p. : _bill. ; _c28 cm. |
||
| 490 | 0 | _aLexi-Comp's clinical reference library | |
| 500 | _aVisit website to sign up for a free 30 day trial of CRLonline "www.Lexi.com" and hand-held. | ||
| 500 | _aIndex : p. 816-957. | ||
| 504 | _aIncludes bibliographical references. | ||
| 650 | 0 |
_aPsychopharmacology _vHandbooks, manuals, etc. _2BUEsh |
|
| 651 | _2BUEsh | ||
| 653 |
_bPPhrm _cJuly2015 _cJanuary2016 |
||
| 700 | 1 | _aSajatovic, Martha. | |
| 730 | _aDrug information handbook for psychiatry | ||
| 942 | _2ddc | ||
| 999 |
_c20118 _d20090 |
||